Biggest North Sea Cities With an Empty Map - Statistics

General Stats
  • This quiz has been taken 272 times
  • The average score is 7 of 12
Answers on the Map
Answers color-coded by a green-red scale on the quiz's map according to % correct below.
 
Answer Stats
Pop Cities % Correct
1,020 k Oslo
94%
285 k Newcastle upon Tyne
79%
257 k Bergen
76%
498 k Edinburgh
76%
198 k Aberdeen
63%
803 k The Hague
63%
225 k Stavanger
45%
114 k Bremerhaven
35%
148 k Dundee
33%
177 k Middlesbrough
32%
175 k Sunderland
32%
184 k Southend-on-Sea
26%
No matching quizzes found
Score Distribution
Percent of People with Each Score
Percentile by Number Answered
Your Score History
You have not taken this quiz